000 00476nam a2200193Ia 4500
008 101110s9999 xx 000 0 und d
041 _aENGLISH
082 _bSR18899
_a651
100 _aRao and Narayana
245 _aText Book of Office Management
365 _b57
520 _aCommerce
546 _aENGLISH
630 _aText Book of Office Management
650 _aCommerce
655 _aCommerce
730 _aText Book of Office Management
942 _cBOOK
999 _c812266
_d812263